|
|
|
|
| LEADER |
00000nam a2200000 a 4500 |
| 001 |
vtls011548337 |
| 003 |
SK-MaSNL |
| 005 |
20260301180153.0 |
| 008 |
251112s1794 gw 0 1n0 ger |
| 015 |
|
|
|a SNBHFA1794
|
| 020 |
|
|
|q (viaz.)
|
| 035 |
|
|
|a 4BBB825A-DF84-4933-A2CF-1F7C591D3307
|
| 035 |
|
|
|a urn:nbn:sk:snk-amtgb7
|
| 035 |
|
|
|a urn:nbn:sk:snk-am00cda0
|
| 040 |
|
|
|a SNK
|b slo
|c SNK
|e AACR2
|
| 041 |
1 |
|
|a ger
|h ita
|
| 044 |
|
|
|a gw
|c DE
|
| 072 |
|
7 |
|a 342
|x Ústavné právo. Správne právo
|2 konspekt
|
| 080 |
|
|
|a 342.537.3/.5
|2 2011
|
| 080 |
|
|
|a 34
|2 2011
|
| 080 |
|
|
|a (035)
|2 2011
|
| 100 |
1 |
|
|a Filangieri, Gaetano,
|d 1752-1788
|4 aut
|9 551058
|
| 245 |
1 |
0 |
|a System der Gesetzgebung
|n Fünster Band
|c Aus dem Italienischen des Ritters Caietan Filangieri
|
| 246 |
3 |
8 |
|a System der Gesetzgebung
|n 5
|
| 250 |
|
|
|a Neueste Auflage
|
| 260 |
|
|
|a Frankfurt
|a Leipzig
|b [b.n.]
|c 1794
|
| 300 |
|
|
|a VI, 244 s.
|c 18 cm
|
| 500 |
|
|
|a Tlačiarenské ozdoby, kustody
|
| 504 |
|
|
|a Register
|
| 504 |
|
|
|a Poznámky pod textom
|
| 508 |
|
|
|a Meno prekladateľa podľa prvej časti
|
| 546 |
|
|
|a Nemčina
|b Fraktúra
|
| 561 |
|
|
|a Okrúhla pečiatka: Museálna Slovenská spoločnosť.
|5 SNK ID 65092/5
|
| 562 |
|
|
|a Rukopisná poznámka: Č.93.5 Sembery - Kmeť.
|5 SNK ID 65092/5
|
| 650 |
0 |
7 |
|a legislatíva
|2 SNKPH
|9 121217
|
| 650 |
0 |
7 |
|a právo
|2 SNKPH
|9 976
|
| 650 |
0 |
7 |
|a zákonodarstvo
|2 SNKPH
|9 1153
|
| 655 |
|
7 |
|a príručky
|2 SNKPH
|9 74364
|
| 700 |
1 |
|
|a Kmeť, Andrej,
|d 1841-1908
|4 fmo
|9 191981
|
| 700 |
1 |
|
|a Link, Gottlieb Christian Carl,
|d 1757-1798
|4 trl
|9 551059
|
| 752 |
|
|
|a Nemecko
|d Frankfurt am Main
|
| 752 |
|
|
|a Nemecko
|d Leipzig
|
| 852 |
|
|
|a snk
|b Historické fondy
|p ID 65092/5
|
| 958 |
|
|
|a ONDV
|
| 999 |
|
|
|c 845331
|d 847261
|
| 952 |
|
|
|t Kme X/38/e
|a SNK
|b SNK
|c SNK_HF
|y PREZ
|7 0
|p 17A1128595
|o snkID 65092/5
|i snk2016/10841
|8 5
|0 0
|1 0
|4 0
|d 2016-04-27
|f 1
|l 0
|r 2026-02-24 04:24:42
|w 2026-02-24
|